Statistiques concernant Célébrités connues par images - 1

Cliquez ici pour prendre le quiz!

Statistiques générales

  • Ce quiz a été pris 739 fois
  • Le résultat moyen est 12 sur 18

Statistiques - réponses

Réponse% Correct
Kylian Mbappé
97%
Ariana Grande
96%
Donald Trump
96%
Rihanna
96%
Cristiano Ronaldo
94%
Justin Bieber
91%
Tom Holland
91%
Beyonce
87%
Kim Kardashian
77%
Britney Spears
65%
Timothée Chalamet
64%
Jennifer Aniston
63%
Emma Stone
48%
Robert Downey Jr
47%
Julia Roberts
46%
Chris Evans
41%
Ellen DeGeneres
28%
PewDiePie
19%

Distribution des résultats

Percentile par nombre de réponses

% des personnes avec chaque résultat

Votre développement - résultats

Vous n’avez pas pris ce quiz